<?xml version="1.0" encoding="UTF-8"?>
<record
    xmlns:xsi="http://www.w3.org/2001/XMLSchema-instance"
    xsi:schemaLocation="http://www.loc.gov/MARC21/slim http://www.loc.gov/standards/marcxml/schema/MARC21slim.xsd"
    xmlns="http://www.loc.gov/MARC21/slim">

  <leader>00421nam a2200145Ia 4500</leader>
  <controlfield tag="008">230411s9999    xx            000 0 und d</controlfield>
  <datafield tag="020" ind1=" " ind2=" ">
    <subfield code="a">81-8147-053-2</subfield>
  </datafield>
  <datafield tag="041" ind1=" " ind2=" ">
    <subfield code="a">eng</subfield>
  </datafield>
  <datafield tag="082" ind1=" " ind2=" ">
    <subfield code="a">OG/612.64/MOO/PER/B04116</subfield>
  </datafield>
  <datafield tag="100" ind1=" " ind2=" ">
    <subfield code="a">Moore Keith &amp; Persaud TVN</subfield>
    <subfield code="9">178121</subfield>
  </datafield>
  <datafield tag="245" ind1=" " ind2=" ">
    <subfield code="a">Developing Human : Clinically oriented embryology</subfield>
  </datafield>
  <datafield tag="260" ind1=" " ind2=" ">
    <subfield code="b">Saunders company</subfield>
    <subfield code="a">New Delhi</subfield>
    <subfield code="c">2003</subfield>
  </datafield>
  <datafield tag="300" ind1=" " ind2=" ">
    <subfield code="a">560p</subfield>
  </datafield>
  <datafield tag="999" ind1=" " ind2=" ">
    <subfield code="c">154864</subfield>
    <subfield code="d">154864</subfield>
  </datafield>
  <datafield tag="952" ind1=" " ind2=" ">
    <subfield code="0">0</subfield>
    <subfield code="1">0</subfield>
    <subfield code="4">0</subfield>
    <subfield code="7">0</subfield>
    <subfield code="8">OG</subfield>
    <subfield code="a">BTIN</subfield>
    <subfield code="b">BTIN</subfield>
    <subfield code="d">2007-09-11</subfield>
    <subfield code="e">B.J.Medical Co-oprative College Stores</subfield>
    <subfield code="g">995.00</subfield>
    <subfield code="i">1455</subfield>
    <subfield code="l">0</subfield>
    <subfield code="o">OG 612.64 MOO PER B04116</subfield>
    <subfield code="p">BTIN-BK-4116</subfield>
    <subfield code="r">2023-04-11 00:00:00</subfield>
    <subfield code="v">696.00</subfield>
    <subfield code="w">2007-09-11</subfield>
    <subfield code="y">BK</subfield>
    <subfield code="z">B04116</subfield>
  </datafield>
  <datafield tag="952" ind1=" " ind2=" ">
    <subfield code="0">0</subfield>
    <subfield code="1">0</subfield>
    <subfield code="4">0</subfield>
    <subfield code="7">0</subfield>
    <subfield code="8">OG</subfield>
    <subfield code="a">BTIN</subfield>
    <subfield code="b">BTIN</subfield>
    <subfield code="d">2007-09-11</subfield>
    <subfield code="e">B.J.Medical Co-oprative College Stores</subfield>
    <subfield code="g">995.00</subfield>
    <subfield code="i">1455</subfield>
    <subfield code="l">0</subfield>
    <subfield code="o">OG 612.64 MOO PER B04117</subfield>
    <subfield code="p">BTIN-BK-4117</subfield>
    <subfield code="r">2023-04-11 00:00:00</subfield>
    <subfield code="v">696.00</subfield>
    <subfield code="w">2007-09-11</subfield>
    <subfield code="y">BK</subfield>
    <subfield code="z">B04117</subfield>
  </datafield>
  <datafield tag="952" ind1=" " ind2=" ">
    <subfield code="0">0</subfield>
    <subfield code="1">0</subfield>
    <subfield code="4">0</subfield>
    <subfield code="7">0</subfield>
    <subfield code="8">OG</subfield>
    <subfield code="a">BTIN</subfield>
    <subfield code="b">BTIN</subfield>
    <subfield code="d">2008-01-23</subfield>
    <subfield code="e">B.J.Medical Co-oprative College Stores</subfield>
    <subfield code="g">1025.00</subfield>
    <subfield code="i">1455</subfield>
    <subfield code="l">0</subfield>
    <subfield code="o">OG 612.64 MOO PER B04905</subfield>
    <subfield code="p">BTIN-BK-4905</subfield>
    <subfield code="r">2023-04-11 00:00:00</subfield>
    <subfield code="v">718.00</subfield>
    <subfield code="w">2007-09-11</subfield>
    <subfield code="y">BK</subfield>
    <subfield code="z">B04905</subfield>
  </datafield>
  <datafield tag="952" ind1=" " ind2=" ">
    <subfield code="0">0</subfield>
    <subfield code="1">0</subfield>
    <subfield code="4">0</subfield>
    <subfield code="7">0</subfield>
    <subfield code="8">OG</subfield>
    <subfield code="a">BTIN</subfield>
    <subfield code="b">BTIN</subfield>
    <subfield code="d">2008-01-23</subfield>
    <subfield code="e">B.J.Medical Co-oprative College Stores</subfield>
    <subfield code="g">1025.00</subfield>
    <subfield code="i">1455</subfield>
    <subfield code="l">0</subfield>
    <subfield code="o">OG 612.64 MOO PER B04906</subfield>
    <subfield code="p">BTIN-BK-4906</subfield>
    <subfield code="r">2023-04-11 00:00:00</subfield>
    <subfield code="v">718.00</subfield>
    <subfield code="w">2007-09-11</subfield>
    <subfield code="y">BK</subfield>
    <subfield code="z">B04906</subfield>
  </datafield>
</record>
